000 00861nam a22001937a 4500
008 100315s2009 enk|||||r|||| 001 0 eng d
020 _a9780750687393
082 _222
_a658.802
_bPAR
100 _912697
_aParsons, Elizabeth
245 _aContemporary Issues in Marketing and Consumer Behaviour/
_cElizabeth Parsons & Pauline Maclaran
260 _aOxford:
_bElsevier,/ Butterworth-Heinemann, 2009
_c2009
300 _axi, 219 p. :
_b ill. ;
_c25 cm.
504 _aIncludes bibliographical references and index
650 _912210
_aMarketing.
650 _912283
_aConsumer behavior.
700 _912696
_aMaclaran, Pauline
942 _2ddc
_cBB
999 _c13685
_d13685